000
00300nam a22001337a 4500
008
171101b xxu||||| |||| 00| 0 eng d
020
_a
9780131330467
041
_a
eng
080
_a
339.9
100
_a
59
101
_a
GLO
245
_a
DIVERSITY AMID GLOBALIZATION
_c
LEWIS.R
942
_2
udc
_c
BK
999
_c
37114
_d
37114